[Event "16th EUR-ch"]
[Site "Jerusalem ISR"]
[Date "2015.03.01"]
[Round "5"]
[White "Ben Artzi, Ido"]
[Black "Hovhannisyan, Robert"]
[Result "0-1"]
[WhiteElo "2408"]
[BlackElo "2592"]
[EventDate "2015.02.24"]
[PlyCount "68"]

1.d4 Nf6 2.c4 e6 3.Nc3 Bb4 4.e3 b6 5.Bd3 Bb7 6.Nf3 O-O 7.O-O Bxc3 8.bxc3 
c5 9.Nd2 Nc6 10.e4 d6 11.d5 Ne5 12.Be2 Ng6 13.f4 Qe7 14.Bd3 exd5 15.cxd5 
Nxd5 16.Nc4 Nxc3 17.Qe1 Nxe4 18.f5 Ne5 19.Bxe4 Nxc4 20.Bxb7 Qxb7 21.f6 
Rfe8 22.Qg3 g6 23.Qh4 Re2 24.Rf3 Qe4 25.Qh6 Qd4+ 26.Be3 Qxa1+ 27.Bc1 Qd4+ 
28.Be3 Qd1+ 29.Rf1 Rxg2+ 30.Kxg2 Nxe3+ 31.Qxe3 Qd5+ 32.Rf3 g5 33.Kf1 Qe5 
34.Qd3 Re8 0-1

[Event "16th EUR-ch"]
[Site "Jerusalem ISR"]
[Date "2015.03.01"]
[Round "5"]
[White "Deac, Bogdan-Daniel"]
[Black "Bok, Benjamin"]
[Result "1/2-1/2"]
[WhiteElo "2402"]
[BlackElo "2587"]
[EventDate "2015.02.24"]
[PlyCount "124"]

1.Nf3 Nf6 2.c4 b6 3.g3 Bb7 4.Bg2 g6 5.O-O Bg7 6.d4 O-O 7.Re1 e6 8.Nc3 Ne4 
9.Nxe4 Bxe4 10.Bg5 Qe8 11.Qd2 d6 12.Bh6 Nd7 13.Qe3 Nf6 14.Bg5 Bb7 15.Qf4 
Nh5 16.Qe3 Nf6 17.Qf4 Nh5 18.Qe3 e5 19.g4 Nf6 20.Bxf6 Bxf6 21.g5 Bg7 22.
dxe5 dxe5 23.Nd2 e4 24.Nxe4 Bxb2 25.Rab1 Be5 26.Rb5 c5 27.Rb3 Rd8 28.Rd3 
Qe7 29.h4 Rfe8 30.Nf6+ Bxf6 31.Qxe7 Bxe7 32.Bxb7 Bxg5 33.Rxd8 Bxd8 34.h5 
Bf6 35.hxg6 hxg6 36.e4 Be5 37.Rd1 Bd4 38.Kg2 Kg7 39.f4 f5 40.Re1 Rb8 41.
Bc6 Rc8 42.Bd5 fxe4 43.Rxe4 Bf6 44.Re6 Rf8 45.Rd6 Bd4 46.Rd7+ Kh6 47.Rf7 
Rxf7 48.Bxf7 Kg7 49.Be8 Kf6 50.Kf3 Bb2 51.Ke4 Bc1 52.a4 Bd2 53.Kf3 g5 54.
fxg5+ Bxg5 55.Ke4 Ke6 56.Kd3 Ke5 57.Kc3 Ke4 58.Kb3 Kd3 59.Bg6+ Kd4 60.Be8 
Kd3 61.Bg6+ Kd4 62.Be8 Kd3 1/2-1/2

[Event "16th EUR-ch"]
[Site "Jerusalem ISR"]
[Date "2015.03.01"]
[Round "5"]
[White "Banusz, Tamas"]
[Black "Iovcov, Valerii"]
[Result "1-0"]
[WhiteElo "2582"]
[BlackElo "2368"]
[EventDate "2015.02.24"]
[PlyCount "81"]

1.c4 Nf6 2.Nf3 e6 3.g3 d5 4.Bg2 Be7 5.d4 O-O 6.O-O dxc4 7.Qc2 a6 8.a4 Bd7 
9.Rd1 Bc6 10.Nc3 Bb4 11.Bg5 h6 12.Bxf6 Qxf6 13.Ne5 Bxg2 14.Kxg2 Qe7 15.
Nxc4 Nd7 16.e4 Nf6 17.e5 Nd5 18.Nxd5 exd5 19.Ne3 c6 20.f4 f6 21.Qg6 Qf7 
22.Qxf7+ Kxf7 23.Nc2 a5 24.Rd3 fxe5 25.dxe5 Bc5 26.Rc3 b6 27.Ne1 Rac8 28.
Rc2 Be3 29.Kf3 Bd4 30.Rd1 c5 31.Rcd2 Ke6 32.Nc2 Rfd8 33.Nxd4+ cxd4 34.Rxd4
Rc2 35.R1d2 Rxd2 36.Rxd2 Rc8 37.Rd3 g5 38.Rc3 Rc5 39.Ke3 gxf4+ 40.gxf4 Kf5
41.Kd4 1-0

[Event "16th EUR-ch"]
[Site "Jerusalem ISR"]
[Date "2015.03.01"]
[Round "5"]
[White "Reshef, Omer"]
[Black "Huzman, Alexander"]
[Result "1-0"]
[WhiteElo "2402"]
[BlackElo "2582"]
[EventDate "2015.02.24"]
[PlyCount "119"]

1.e4 c5 2.Nf3 d6 3.c3 Nf6 4.Bd3 Nc6 5.Bc2 Bg4 6.h3 Bh5 7.d3 e6 8.Nbd2 Nd7 
9.Nf1 Nde5 10.g4 Bg6 11.Nxe5 dxe5 12.h4 h6 13.h5 Bh7 14.Qe2 a6 15.Be3 Be7 
16.Nd2 O-O 17.O-O-O Nd4 18.Qe1 b5 19.f3 Rc8 20.Kb1 Qc7 21.Bb3 Nc6 22.Qg1 
Rfd8 23.Bc2 Nd4 24.g5 hxg5 25.Bxg5 Ne2 26.Qg4 Bxg5 27.Qxg5 f6 28.Qg4 Nf4 
29.Nf1 c4 30.d4 b4 31.Ne3 bxc3 32.dxe5 fxe5 33.h6 g6 34.Qg5 Rf8 35.Ng4 Nd3
36.Bxd3 cxd3 37.Rxd3 cxb2 38.Qd2 Rfd8 39.Nxe5 Rxd3 40.Nxd3 Qd6 41.Rd1 e5 
42.Nxb2 Qxd2 43.Rxd2 Rf8 44.Nc4 Rxf3 45.Nxe5 Rf1+ 46.Kc2 g5 47.Rd8+ Rf8 
48.Rxf8+ Kxf8 49.Kd3 Ke7 50.Kd4 Kf6 51.a3 Bg8 52.Ng4+ Kg6 53.Ke5 Bb3 54.h7
Kxh7 55.Kf6 Bd1 56.Kxg5 Bxg4 57.Kxg4 Kg6 58.a4 a5 59.Kf4 Kf6 60.Ke3 1-0

[Event "16th EUR-ch"]
[Site "Jerusalem ISR"]
[Date "2015.03.01"]
[Round "5"]
[White "Ter-Sahakyan, Samvel"]
[Black "Birnboim, Nathan"]
[Result "1-0"]
[WhiteElo "2580"]
[BlackElo "2347"]
[EventDate "2015.02.24"]
[PlyCount "103"]

1.e4 c5 2.Nf3 Nc6 3.d4 cxd4 4.Nxd4 Nf6 5.Nc3 e5 6.Ndb5 d6 7.g3 a6 8.Na3 
Bg4 9.f3 Be6 10.Nc4 d5 11.exd5 Nxd5 12.Nxd5 Bxd5 13.Be3 Bxc4 14.Bxc4 Be7 
15.Qxd8+ Rxd8 16.c3 O-O 17.Rd1 Rxd1+ 18.Kxd1 Rc8 19.Bd3 g6 20.Ke2 Kf8 21.
h4 f5 22.h5 Kg7 23.g4 f4 24.Bf2 Nd8 25.Be4 Nf7 26.Rd1 Nd6 27.Bxb7 Rb8 28.
Bd5 Rxb2+ 29.Rd2 Rb8 30.hxg6 hxg6 31.c4 Ne8 32.c5 Nc7 33.Bb3 Rd8 34.Rxd8 
Bxd8 35.Kd3 Kf6 36.Ke4 g5 37.Bc4 Be7 38.c6 Bd6 39.Bb6 Kg6 40.Ba5 Kf6 41.
Bc3 Ne6 42.Bxe6 Kxe6 43.Ba5 Bc5 44.Bd8 Bd6 45.Bxg5 Bc7 46.Bh4 Kd6 47.Bf6 
Ke6 48.Bh8 Bd6 49.Bg7 Bc7 50.Bf8 Bd8 51.Bb4 Bc7 52.Bc3 1-0

[Event "16th EUR-ch"]
[Site "Jerusalem ISR"]
[Date "2015.03.01"]
[Round "5"]
[White "Kalka, Arkadius Georg"]
[Black "Jojua, Davit"]
[Result "0-1"]
[WhiteElo "2389"]
[BlackElo "2579"]
[EventDate "2015.02.24"]
[PlyCount "72"]

1.e4 c5 2.Nf3 e6 3.d4 cxd4 4.Nxd4 a6 5.Nc3 b5 6.Bd3 Qb6 7.Nb3 Qc7 8.O-O 
Bb7 9.Qe2 b4 10.Nd1 Nf6 11.Bg5 h6 12.Bxf6 gxf6 13.c3 Nc6 14.Rc1 Rg8 15.
cxb4 Bxb4 16.Ne3 Qf4 17.f3 h5 18.g3 h4 19.Ng2 Qh6 20.g4 h3 21.Qe3 Rg5 22.
Nf4 Bd6 23.Qd2 Ra5 24.Rxc6 Bxc6 25.Nxa5 Bxf4 26.Qe2 Bb5 27.Bxb5 axb5 28.
Qxb5 Bc7 29.Nc4 Qf4 30.e5 Qd4+ 31.Kh1 fxe5 32.a3 Rb8 33.Qa4 Qd3 34.Kg1 
Rxb2 35.Nxb2 Qe2 36.Qa8+ Ke7 0-1

[Event "16th EUR-ch"]
[Site "Jerusalem ISR"]
[Date "2015.03.01"]
[Round "5"]
[White "Golubov, Saveliy"]
[Black "Esen, Baris"]
[Result "0-1"]
[WhiteElo "2362"]
[BlackElo "2571"]
[EventDate "2015.02.24"]
[PlyCount "154"]

1.e4 c5 2.Nf3 d6 3.d4 cxd4 4.Nxd4 Nf6 5.Nc3 a6 6.Be2 e5 7.Nb3 Be7 8.O-O 
O-O 9.Re1 Be6 10.Bf3 Nbd7 11.a4 Qb8 12.Nd2 Bd8 13.a5 b6 14.axb6 Bxb6 15.
Nf1 Bd4 16.Ne2 Bc5 17.Ne3 Rc8 18.Ng3 a5 19.Ngf5 Kh8 20.g4 Nb6 21.g5 Ng8 
22.c3 a4 23.h4 g6 24.Ng3 Bxe3 25.Rxe3 Nc4 26.Re2 Qb3 27.Qe1 a3 28.bxa3 
Nxa3 29.Bxa3 Rxa3 30.Rxa3 Qxa3 31.Re3 Rb8 32.Kg2 Kg7 33.Qd1 Rb2 34.Re2 
Rxe2 35.Bxe2 h6 36.Qd2 hxg5 37.hxg5 Ne7 38.Qe3 Qa5 39.Qd3 Qc7 40.Qd2 Nc8 
41.Qe3 Nb6 42.Bb5 Bd7 43.Bxd7 Nxd7 44.Ne2 Qc4 45.f3 Nc5 46.Ng1 Kf8 47.Qd2 
Ke7 48.Qe3 Qa2+ 49.Kg3 Qc2 50.Nh3 Kf8 51.Nf2 Ne6 52.Kg4 Kg7 53.Nh3 Qg2+ 
54.Kh4 Kg8 55.Qf2 Qh1 56.Kg3 Qc1 57.Qb6 Qd2 58.Qa5 Kg7 59.Qd5 Qe1+ 60.Kg2 
Nf4+ 61.Nxf4 exf4 62.Qd4+ Kg8 63.Qd3 Kh7 64.c4 Kg8 65.Qa3 Qe2+ 66.Kg1 Qd1+
67.Kf2 Qd4+ 68.Kg2 Qxc4 69.Qb2 Qc5 70.Qf6 Qe5 71.Qd8+ Kh7 72.Kh3 Qe6+ 73.
Kg2 Qa2+ 74.Kf1 Qc4+ 75.Ke1 Qc3+ 76.Kd1 Qxf3+ 77.Kd2 Qe3+ 0-1

[Event "16th EUR-ch"]
[Site "Jerusalem ISR"]
[Date "2015.03.01"]
[Round "5"]
[White "Hansen, Sune Berg"]
[Black "Mordechai, Hanan"]
[Result "1-0"]
[WhiteElo "2571"]
[BlackElo "2331"]
[EventDate "2015.02.24"]
[PlyCount "63"]

1.Nf3 Nf6 2.g3 g6 3.Bg2 Bg7 4.O-O O-O 5.d4 d6 6.a4 Nbd7 7.a5 a6 8.Nbd2 e5 
9.dxe5 dxe5 10.e4 Nc5 11.Qe2 Nfd7 12.b3 Ne6 13.Ba3 Re8 14.c3 f5 15.exf5 
gxf5 16.Nh4 Qg5 17.Bc1 Qf6 18.Qh5 Rf8 19.Bh3 Ng5 20.Bxf5 Nc5 21.Bxc8 Raxc8
22.Qg4 e4 23.Ba3 h5 24.Qxh5 Nd3 25.Bxf8 Nh3+ 26.Kh1 Nhxf2+ 27.Kg2 Rxf8 28.
Qd5+ Qf7 29.Qxf7+ Rxf7 30.Nb1 e3 31.Ra2 Nc1 32.Rxc1 1-0

[Event "16th EUR-ch"]
[Site "Jerusalem ISR"]
[Date "2015.03.01"]
[Round "5"]
[White "Kravtsiv, Martyn"]
[Black "Vasiliev, Olga"]
[Result "1-0"]
[WhiteElo "2565"]
[BlackElo "2296"]
[EventDate "2015.02.24"]
[PlyCount "59"]

1.e4 c5 2.Nf3 e6 3.d4 cxd4 4.Nxd4 a6 5.Bd3 Qc7 6.O-O Nf6 7.Nc3 b5 8.Qe2 b4
9.e5 bxc3 10.exf6 Bb7 11.bxc3 gxf6 12.Rb1 Nc6 13.Qf3 Be7 14.Bf4 Qc8 15.Qg3
Bf8 16.Rfe1 Ne7 17.Qh4 Qxc3 18.Bg3 Rg8 19.Re3 Nd5 20.Rxb7 Bc5 21.Re4 Bxd4 
22.Rxd4 Qe1+ 23.Bf1 Nc3 24.Qh5 Rg5 25.Qf3 Rd8 26.Rb3 Nxa2 27.Rd1 Qa5 28.
Qxf6 Qf5 29.Qh8+ Ke7 30.Bd6# 1-0

[Event "16th EUR-ch"]
[Site "Jerusalem ISR"]
[Date "2015.03.01"]
[Round "5"]
[White "Kudischewitsch, David"]
[Black "Can, Emre"]
[Result "1-0"]
[WhiteElo "2334"]
[BlackElo "2555"]
[EventDate "2015.02.24"]
[PlyCount "127"]

1.d4 Nf6 2.Nf3 g6 3.c3 Bg7 4.Bf4 d6 5.h3 O-O 6.e3 b6 7.Be2 Bb7 8.O-O Nbd7 
9.a4 a6 10.Bh2 Qe8 11.Qb3 e5 12.Re1 Rb8 13.Na3 Ne4 14.Bc4 Nef6 15.Be2 Kh8 
16.Rad1 Qe7 17.Nd2 Ne8 18.Bc4 f5 19.Bd5 c6 20.Bf3 Ba8 21.Be2 b5 22.Qc2 Nc7
23.axb5 axb5 24.Nab1 Ne6 25.Nf1 Rbd8 26.Qb3 d5 27.dxe5 Nxe5 28.Nbd2 Bb7 
29.Nf3 Nc4 30.Qc2 Nc5 31.b4 Ne4 32.Nd4 Ra8 33.Ra1 Rfe8 34.Bd3 h6 35.Red1 
Nb6 36.Ng3 Ra4 37.Bxe4 fxe4 38.Nge2 Rea8 39.Nb3 Bc8 40.Ned4 Bd7 41.Rdb1 
Rxa1 42.Nxa1 c5 43.bxc5 Qxc5 44.Nab3 Qc8 45.Ne2 Nc4 46.Qd1 Ra2 47.Nf4 g5 
48.Ne2 Qf8 49.Bg3 Qf7 50.Ra1 Rxa1 51.Qxa1 Ne5 52.Ned4 Nd3 53.Qa7 Kh7 54.
Nxb5 Be5 55.Kh2 Kg6 56.Qb6+ Kh5 57.Bxe5 Nxe5 58.Qd6 Bxb5 59.Qxe5 Qxf2 60.
Nd4 Bd7 61.Qxd5 Bxh3 62.Qxe4 Bd7 63.Nf3 Qa2 64.Ne5 1-0

[Event "16th EUR-ch"]
[Site "Jerusalem ISR"]
[Date "2015.03.01"]
[Round "5"]
[White "Aharon, Ofir"]
[Black "Babula, Vlastimil"]
[Result "1/2-1/2"]
[WhiteElo "2311"]
[BlackElo "2545"]
[EventDate "2015.02.24"]
[PlyCount "81"]

1.e4 c5 2.Nf3 e6 3.d4 cxd4 4.Nxd4 Nc6 5.Nc3 Qc7 6.Be3 a6 7.Qf3 Nf6 8.O-O-O
d6 9.Qg3 Bd7 10.f4 Rc8 11.Nxc6 Bxc6 12.Bd3 b5 13.e5 dxe5 14.fxe5 b4 15.
exf6 Qxg3 16.hxg3 bxc3 17.Bd4 cxb2+ 18.Bxb2 gxf6 19.Bxf6 Rg8 20.Bxa6 Ra8 
21.Bc4 Bg7 22.Bxg7 Rxg7 23.Rd2 Ke7 24.Re2 Ra5 25.Rh6 Bb7 26.Kb2 Rag5 27.a4
Rg4 28.Bb5 Rxg3 29.Rd2 Bd5 30.a5 Rxg2 31.Rxd5 exd5 32.a6 Rg8 33.Bc6 Rb8+ 
34.Bb7 Rg4 35.Ka3 Rg1 36.Ka2 Rg4 37.Ka3 Rg1 38.Ka2 Rg4 39.Ka3 Rg1 40.Ka2 
Rg4 41.Ka3 1/2-1/2

[Event "16th EUR-ch"]
[Site "Jerusalem ISR"]
[Date "2015.03.01"]
[Round "5"]
[White "Boruchovsky, Avital"]
[Black "Schnabel, Ralf"]
[Result "1-0"]
[WhiteElo "2536"]
[BlackElo "2223"]
[EventDate "2015.02.24"]
[PlyCount "81"]

1.e4 c5 2.Nf3 Nc6 3.d4 cxd4 4.Nxd4 d5 5.Nxc6 bxc6 6.exd5 Qxd5 7.Nc3 Qxd1+ 
8.Nxd1 Nf6 9.Ne3 g6 10.Be2 Bg7 11.Bf3 Bd7 12.Bd2 h5 13.Bc3 O-O 14.Rd1 Rad8
15.O-O c5 16.b3 Be6 17.h3 Rc8 18.Rfe1 Rfd8 19.Ba5 Rxd1 20.Rxd1 Kf8 21.Bb7 
Rb8 22.Ba6 Ne4 23.Rd3 h4 24.Bc7 Re8 25.Bb7 Nc3 26.a4 g5 27.Kf1 f5 28.Ba5 
Rb8 29.Bc6 Na2 30.Bd5 Kf7 31.Nxf5 Bf6 32.Nh6+ Kg6 33.Bxe6 Kxh6 34.Rd5 c4 
35.Rb5 Rxb5 36.axb5 cxb3 37.Bxb3 Nc3 38.Bc4 Kg6 39.Bb4 Na4 40.Bb3 Nb6 41.
Be6 1-0

[Event "16th EUR-ch"]
[Site "Jerusalem ISR"]
[Date "2015.03.01"]
[Round "5"]
[White "Zoler, Dan"]
[Black "Gorodetzky, David"]
[Result "0-1"]
[WhiteElo "2527"]
[BlackElo "2210"]
[EventDate "2015.02.24"]
[PlyCount "128"]

1.d4 e6 2.c4 Nf6 3.g3 Bb4+ 4.Bd2 Qe7 5.Bg2 Nc6 6.Nf3 Bxd2+ 7.Nbxd2 d6 8.
O-O e5 9.d5 Nb8 10.e4 a5 11.Ne1 h5 12.h4 Nbd7 13.Nd3 Ng4 14.Qe2 Nf8 15.c5 
dxc5 16.f3 Nf6 17.f4 exf4 18.Nxf4 N8d7 19.Rae1 Ne5 20.Nf3 Bg4 21.Qb5+ c6 
22.Qb3 Bxf3 23.Bxf3 Nfg4 24.Qc3 c4 25.a3 Qd6 26.Rd1 Qc5+ 27.Kh1 Qe3 28.
Bxg4 Qxc3 29.bxc3 hxg4 30.Kg2 Ke7 31.Rb1 Rab8 32.Rb6 Nd7 33.Rb2 Kd6 34.Rd2
c5 35.a4 Rbe8 36.Re2 Re5 37.Kg1 Nf6 38.Ng2 Kc7 39.Rb1 Rxe4 40.Reb2 Rb8 41.
d6+ Kxd6 42.Rxb7 Rxb7 43.Rxb7 Re7 44.Rb6+ Kc7 45.Rb5 Kc6 46.Rxa5 Nd5 47.
Ra6+ Kb7 48.Rd6 Nxc3 49.a5 Ne4 50.Rb6+ Ka7 51.Rb2 c3 52.Ra2 Rb7 53.Rc2 
Nxg3 54.Ne3 Rb2 55.Kf2 Ne4+ 56.Ke2 f5 57.Kd3 Rxc2 58.Kxc2 g3 59.Ng2 c4 60.
Nf4 Nf6 61.Ne2 Ne4 62.h5 g2 63.Ng1 Ka6 64.Nf3 Kxa5 0-1

[Event "16th EUR-ch"]
[Site "Jerusalem ISR"]
[Date "2015.03.01"]
[Round "5"]
[White "Popilski, Gil"]
[Black "Gamayev, Oleg"]
[Result "1/2-1/2"]
[WhiteElo "2517"]
[BlackElo "2204"]
[EventDate "2015.02.24"]
[PlyCount "98"]

1.e4 e5 2.Nf3 Nc6 3.d4 exd4 4.Nxd4 d6 5.Nc3 Nf6 6.Bf4 Be7 7.Be2 O-O 8.Qd2 
Nxd4 9.Qxd4 Be6 10.O-O-O Nd7 11.Qe3 Bf6 12.Kb1 Re8 13.Bg3 Nb6 14.e5 Bc4 
15.f4 Bxe2 16.Qxe2 Qe7 17.Rde1 dxe5 18.fxe5 Bh4 19.Bxh4 Qxh4 20.Qf3 Nc4 
21.Ka1 Nxe5 22.Qxb7 Nc4 23.Re4 Nd6 24.Qxa8 Qxe4 25.Nxe4 Rxa8 26.Nxd6 cxd6 
27.Rd1 Rd8 28.b4 Kf8 29.Kb2 Ke7 30.Rd3 Rb8 31.Kb3 Kd7 32.c4 Kc7 33.Rf3 Rf8
34.a4 f5 35.a5 f4 36.g3 g5 37.gxf4 gxf4 38.Kc3 d5 39.cxd5 Kd6 40.Kd4 Rf5 
41.Kc4 a6 42.Kd4 Rxd5+ 43.Ke4 Rh5 44.Rxf4 Rxh2 45.Rf6+ Kc7 46.Rb6 Rg2 47.
Rxa6 Rg4+ 48.Kd5 Rxb4 49.Ra7+ Rb7 1/2-1/2

[Event "16th EUR-ch"]
[Site "Jerusalem ISR"]
[Date "2015.03.01"]
[Round "5"]
[White "Baron, Tal"]
[Black "Kraus, Ohad"]
[Result "1/2-1/2"]
[WhiteElo "2510"]
[BlackElo "2190"]
[EventDate "2015.02.24"]
[PlyCount "109"]

1.d4 Nf6 2.c4 g6 3.Nc3 Bg7 4.e4 d6 5.Nf3 O-O 6.Be2 e5 7.Be3 Ng4 8.Bg5 f6 
9.Bh4 g5 10.Bg3 Nh6 11.dxe5 dxe5 12.Qc2 c6 13.Nd2 Qe7 14.f3 Na6 15.O-O-O 
Rd8 16.Bf2 Nc5 17.h4 Nf7 18.Kb1 b6 19.Nb3 Rxd1+ 20.Rxd1 Nxb3 21.Qxb3 Be6 
22.Qa4 Qb7 23.Bf1 Bf8 24.Qc2 Rc8 25.Ne2 b5 26.c5 Qa6 27.a3 Qb7 28.Be1 b4 
29.axb4 a5 30.Nc1 axb4 31.Bc4 Bxc4 32.Qxc4 Rb8 33.Nb3 Qe7 34.Rd6 Rd8 35.
Rxd8 Qxd8 36.Bxb4 gxh4 37.Kc2 Qd7 38.Na5 Kg7 39.Be1 h3 40.gxh3 Ng5 41.b4 
Nxf3 42.Bc3 Qxh3 43.Nxc6 Ng5 44.Kb3 Qf3 45.Ka4 Nxe4 46.Bxe5 fxe5 47.Nxe5 
Nxc5+ 48.bxc5 Qa8+ 49.Kb3 Qb8+ 50.Kc3 Qxe5+ 51.Qd4 Kf6 52.c6 Bd6 53.Kd3 h5
54.Qxe5+ Bxe5 55.Ke3 1/2-1/2

[Event "16th EUR-ch"]
[Site "Jerusalem ISR"]
[Date "2015.03.01"]
[Round "5"]
[White "Zalkind, Konstantin"]
[Black "Rasulov, Vugar"]
[Result "0-1"]
[WhiteElo "2222"]
[BlackElo "2508"]
[EventDate "2015.02.24"]
[PlyCount "106"]

1.d4 Nf6 2.Bg5 c5 3.e3 Qb6 4.Nc3 Qxb2 5.Nge2 Qa3 6.g3 Qa5 7.Qd2 cxd4 8.
exd4 Nd5 9.Bg2 Nxc3 10.Nxc3 e6 11.Rb1 Bb4 12.Rb3 d5 13.O-O Nc6 14.a3 Be7 
15.Bxe7 Nxe7 16.Qg5 Nf5 17.g4 f6 18.Qf4 Ne7 19.Nb5 O-O 20.g5 fxg5 21.Qxg5 
Qd8 22.Qg3 Ng6 23.Qd6 Qxd6 24.Nxd6 b6 25.c4 Nf4 26.Re1 dxc4 27.Nxc4 Nxg2 
28.Kxg2 Bb7+ 29.Kg3 Rad8 30.Rd1 Rf5 31.Re3 Rdf8 32.Nd6 Rf3+ 33.Rxf3 Rxf3+ 
34.Kg4 Bd5 35.Rc1 Rxf2 36.Rc8+ Rf8 37.Rxf8+ Kxf8 38.Nc8 e5 39.Nxa7 exd4 
40.Kg3 g5 41.Kf2 Kg7 42.Nc8 b5 43.Nd6 Kf6 44.Nxb5 Ke5 45.a4 Bc6 46.Ke2 h5 
47.Kd3 Be4+ 48.Ke2 g4 49.Na3 h4 50.Nc4+ Kf4 51.Nd2 Bc6 52.Nb3 Bf3+ 53.Kf1 
Ke3 0-1

[Event "16th EUR-ch"]
[Site "Jerusalem ISR"]
[Date "2015.03.01"]
[Round "5"]
[White "Marusenko, Petr"]
[Black "Klein, David"]
[Result "0-1"]
[WhiteElo "2205"]
[BlackElo "2505"]
[EventDate "2015.02.24"]
[PlyCount "120"]

1.d4 Nf6 2.c4 d6 3.Nf3 g6 4.g3 Bg7 5.Bg2 O-O 6.O-O c6 7.Nc3 Qa5 8.h3 Be6 
9.d5 Bd7 10.e4 cxd5 11.cxd5 Na6 12.e5 dxe5 13.Nxe5 Rad8 14.Qb3 Bc8 15.Be3 
Nc7 16.Rfd1 e6 17.Nc4 Qa6 18.d6 Ncd5 19.Bg5 Nxc3 20.bxc3 b5 21.Na3 Bd7 22.
Rab1 Rb8 23.Nc2 h6 24.Be3 Rfc8 25.Nb4 Qa5 26.Bd4 Ne8 27.Bxg7 Kxg7 28.Rb2 
Rc5 29.Rbd2 Nf6 30.Rd3 Qb6 31.Rf3 Rbc8 32.Qb2 Rf5 33.Rxf5 gxf5 34.Rd3 Qc5 
35.Nc2 Qe5 36.Ne3 a5 37.Qa3 a4 38.Qb4 Qc5 39.Qf4 Nh5 40.Qh4 Nf6 41.Qf4 Kg6
42.g4 Rg8 43.gxf5+ exf5 44.Kh2 Kh7 45.Qh4 Qe5+ 46.f4 Qe6 47.a3 Ne4 48.Qe7 
Nc5 49.Qxe6 fxe6 50.Rd1 Rb8 51.Nc2 Rc8 52.Nb4 Ne4 53.Bxe4 fxe4 54.Na6 Kg6 
55.Nc7 Kf5 56.Rg1 e3 57.Rb1 Kxf4 58.Kg2 Rg8+ 59.Kf1 Kf3 60.Rb2 e5 0-1

[Event "16th EUR-ch"]
[Site "Jerusalem ISR"]
[Date "2015.03.01"]
[Round "5"]
[White "Kunin, Michael"]
[Black "Andersen, Mads"]
[Result "0-1"]
[WhiteElo "2147"]
[BlackElo "2494"]
[EventDate "2015.02.24"]
[PlyCount "84"]

1.e4 e6 2.d4 d5 3.Nd2 c5 4.exd5 Qxd5 5.Ngf3 cxd4 6.Bc4 Qd7 7.O-O Nc6 8.Nb3
Nf6 9.Nbxd4 Nxd4 10.Nxd4 a6 11.a4 Bc5 12.Nb3 Bd6 13.Be2 Qc7 14.h3 O-O 15.
Bf3 Nd7 16.a5 Ne5 17.Be2 Rd8 18.Be3 Nc4 19.Bxc4 Bh2+ 20.Kh1 Rxd1 21.Rfxd1 
Bd7 22.Bb6 Qxc4 23.Rxd7 Be5 24.Rad1 h6 25.Nd2 Qxc2 26.Nf3 Bxb2 27.R1d2 
Qb1+ 28.Rd1 Qe4 29.Rc7 e5 30.Rdd7 Qb1+ 31.Kh2 Qf5 32.Nd2 Bd4 33.Nf3 Bc3 
34.Rxb7 Rc8 35.Nh4 Qf6 36.Nf3 e4 37.Ng1 Be5+ 38.g3 Rc2 39.Kg2 Qg6 40.Kh1 
e3 41.Bxe3 Qe4+ 42.Kh2 Qxe3 0-1

[Event "16th EUR-ch"]
[Site "Jerusalem ISR"]
[Date "2015.03.01"]
[Round "5"]
[White "Firat, Burak"]
[Black "Hasidovsky, Michael"]
[Result "1-0"]
[WhiteElo "2486"]
[BlackElo "2187"]
[EventDate "2015.02.24"]
[PlyCount "89"]

1.e4 e6 2.d4 d5 3.Nc3 Nf6 4.e5 Nfd7 5.f4 c5 6.Nf3 Nc6 7.Be3 a6 8.Qd2 b5 9.
dxc5 Bxc5 10.Bd3 Qb6 11.Bf2 Bxf2+ 12.Qxf2 Qxf2+ 13.Kxf2 Nc5 14.Ke3 b4 15.
Ne2 Ke7 16.Ned4 Bd7 17.Nxc6+ Bxc6 18.Nd4 Bd7 19.Rhc1 Rhc8 20.c3 a5 21.Rc2 
Rab8 22.cxb4 Rxb4 23.Rac1 Nxd3 24.Kxd3 Rcb8 25.Rc7 Kd8 26.b3 R4b7 27.Rxb7 
Rxb7 28.a3 Rc7 29.Rxc7 Kxc7 30.g4 h6 31.f5 exf5 32.gxf5 Be8 33.b4 axb4 34.
axb4 g6 35.f6 Bd7 36.h4 Be8 37.Ke3 g5 38.hxg5 hxg5 39.Kf3 Bd7 40.e6 Be8 
41.exf7 Bxf7 42.Kg4 Kd6 43.Kxg5 Ke5 44.b5 Kd6 45.Kh6 1-0

[Event "16th EUR-ch"]
[Site "Jerusalem ISR"]
[Date "2015.03.01"]
[Round "5"]
[White "Kjartansson, Gudmundur"]
[Black "Drori, Saar"]
[Result "1-0"]
[WhiteElo "2484"]
[BlackElo "2173"]
[EventDate "2015.02.24"]
[PlyCount "119"]

1.c4 c5 2.g3 g6 3.Bg2 Bg7 4.Nc3 Nc6 5.Nf3 d6 6.a3 Bf5 7.d3 Qd7 8.h3 Qc8 9.
Rb1 Rb8 10.Bd2 a6 11.b4 cxb4 12.axb4 b5 13.cxb5 axb5 14.Rc1 Bd7 15.Nd5 Nf6
16.Nxf6+ Bxf6 17.Bg5 Bg7 18.Qd2 h6 19.Be3 Qa6 20.O-O Qa3 21.Rb1 Qc3 22.Qd1
O-O 23.d4 Qa3 24.Qd2 Bf5 25.Rbc1 Be4 26.d5 Bxf3 27.dxc6 Bxg2 28.Kxg2 Rfc8 
29.Rc2 Qb3 30.Rfc1 Kh7 31.Ra2 d5 32.c7 Rb7 33.Ra7 Rxa7 34.Bxa7 d4 35.Bb6 
Qd5+ 36.f3 Qb7 37.Ba5 Be5 38.Qc2 Bd6 39.Qc6 Qxc6 40.Rxc6 Kg8 41.Rb6 Kf8 
42.Rxb5 Ke8 43.f4 Bxc7 44.Rc5 Kd7 45.Kf3 f5 46.Rxc7+ Rxc7 47.Bxc7 Kxc7 48.
e4 Kc6 49.exf5 gxf5 50.Ke2 Kb5 51.Kd3 Kxb4 52.Kxd4 Kb3 53.Ke5 Kc4 54.g4 
fxg4 55.hxg4 Kd3 56.g5 h5 57.g6 h4 58.g7 h3 59.g8=Q h2 60.Qg2 1-0

[Event "16th EUR-ch"]
[Site "Jerusalem ISR"]
[Date "2015.03.01"]
[Round "5"]
[White "Batsiashvili, Nino"]
[Black "Kraus, Yair"]
[Result "1-0"]
[WhiteElo "2475"]
[BlackElo "2129"]
[EventDate "2015.02.24"]
[PlyCount "117"]

1.d4 Nf6 2.c4 c5 3.d5 e6 4.Nc3 exd5 5.cxd5 d6 6.Nf3 g6 7.Bf4 a6 8.a4 Bg7 
9.e3 O-O 10.h3 Ne8 11.Be2 Nd7 12.O-O Qe7 13.Nd2 f5 14.Nc4 Kh8 15.Qd2 h5 
16.Bh2 h4 17.Rae1 g5 18.f4 gxf4 19.Bxf4 Ne5 20.e4 b5 21.axb5 axb5 22.Nxe5 
dxe5 23.Bg5 Bf6 24.Bxf6+ Qxf6 25.exf5 Nd6 26.Bg4 Bb7 27.Bh5 Nxf5 28.Bg4 
Qh6 29.Qe2 Ng3 30.Qxe5+ Qg7 31.Rxf8+ Rxf8 32.Qxg7+ Kxg7 33.Bf3 b4 34.Na4 
c4 35.Nc5 Bc8 36.Kf2 Nf5 37.Re4 c3 38.bxc3 bxc3 39.Rc4 c2 40.Rxc2 Nd4 41.
Rc3 Bf5 42.Rc4 Nxf3 43.gxf3 Rc8 44.Ke3 Bxh3 45.Rxh4 Bf5 46.Kd4 Kf7 47.d6 
Rf8 48.Ke5 Kg6 49.Rd4 Bh3 50.Ke4 Kf6 51.Kd5 Rc8 52.d7 Rd8 53.Kd6 Bxd7 54.
Nxd7+ Kf5 55.Re4 Rg8 56.Re7 Rg2 57.Rf7+ Kg6 58.Ne5+ Kh6 59.f4 1-0

[Event "16th EUR-ch"]
[Site "Jerusalem ISR"]
[Date "2015.03.01"]
[Round "5"]
[White "Ben-Natan, Yigal"]
[Black "Givon, Asaf"]
[Result "1/2-1/2"]
[WhiteElo "2138"]
[BlackElo "2473"]
[EventDate "2015.02.24"]
[PlyCount "113"]

1.d4 Nf6 2.c4 e6 3.Nc3 Bb4 4.Qc2 c5 5.dxc5 O-O 6.Bg5 Bxc5 7.e3 Be7 8.Nf3 
d6 9.Be2 a6 10.O-O Nbd7 11.Rfd1 b6 12.a4 Qc7 13.Nd4 Rb8 14.e4 Bb7 15.Be3 
Ne5 16.h3 Nxc4 17.Na2 Rfc8 18.Rdc1 Qd7 19.Bxc4 d5 20.exd5 exd5 21.Qe2 dxc4
22.Rxc4 Rxc4 23.Qxc4 Rc8 24.Qb3 Bc5 25.Nc2 Qc6 26.Ne1 Bxe3 27.Qxe3 Re8 28.
Qf3 Qxf3 29.Nxf3 Re2 30.Rc1 h6 31.Nc3 Rxb2 32.Nd4 Rb4 33.Nf5 Ne4 34.Nd5 
Bxd5 35.Ne7+ Kh7 36.Nxd5 Rxa4 37.Nxb6 Ra2 38.Nd7 g6 39.Rc7 Kg7 40.f3 Nd6 
41.Ne5 Kf6 42.f4 Ke6 43.Rc6 Kd5 44.Rc7 Ke6 45.Rc6 Kd5 46.Rc7 a5 47.Nxf7 
Nf5 48.g4 Ne3 49.Nxh6 Ke4 50.f5 Kf3 51.Rc3 Ra1+ 52.Kh2 Ra2+ 53.Kg1 Rg2+ 
54.Kh1 Kf2 55.Rxe3 Rg1+ 56.Kh2 Rg2+ 57.Kh1 1/2-1/2

[Event "16th EUR-ch"]
[Site "Jerusalem ISR"]
[Date "2015.03.01"]
[Round "5"]
[White "Sanal, Vahap"]
[Black "Vaisberg, Michael"]
[Result "1-0"]
[WhiteElo "2460"]
[BlackElo "2136"]
[EventDate "2015.02.24"]
[PlyCount "61"]

1.e4 e6 2.d4 d5 3.Nc3 Bb4 4.e5 c5 5.a3 Bxc3+ 6.bxc3 Ne7 7.Qg4 cxd4 8.Qxg7 
Rg8 9.Qxh7 Qc7 10.Ne2 Nbc6 11.f4 Bd7 12.h4 dxc3 13.h5 O-O-O 14.Qd3 d4 15.
h6 Be8 16.g4 Nd5 17.Bg2 Ndb4 18.Qh7 Rg6 19.axb4 Nxb4 20.Rxa7 Nxc2+ 21.Kf2 
Qc5 22.Ra8+ Kc7 23.Rxd8 d3+ 24.Kg3 Kxd8 25.Be4 d2 26.Bxg6 Qe3+ 27.Kh4 fxg6
28.Qxb7 Ne1 29.Kg5 d1=Q 30.Bxe3 Qxe2 31.Bb6# 1-0

[Event "16th EUR-ch"]
[Site "Jerusalem ISR"]
[Date "2015.03.01"]
[Round "5"]
[White "Damaso, Rui"]
[Black "Adar, Idan"]
[Result "1-0"]
[WhiteElo "2451"]
[BlackElo "1912"]
[EventDate "2015.02.24"]
[PlyCount "137"]

1.Nf3 Nf6 2.d4 c5 3.d5 e6 4.Nc3 Nxd5 5.Nxd5 exd5 6.Qxd5 Nc6 7.e4 Be7 8.Bc4
O-O 9.O-O d6 10.c3 Be6 11.Qd3 Ne5 12.Nxe5 dxe5 13.Qe2 Bxc4 14.Qxc4 Qd7 15.
a4 Qe6 16.Qb5 Rab8 17.a5 a6 18.Qe2 Rbd8 19.Be3 Rd7 20.Rfd1 Rfd8 21.Rxd7 
Rxd7 22.c4 Qd6 23.Kf1 Qd3 24.Qxd3 Rxd3 25.Ke2 Rd7 26.g3 f6 27.Ra3 Kf7 28.
f4 g6 29.Rb3 Ke6 30.Bf2 Kf7 31.Rf3 Kg7 32.fxe5 fxe5 33.g4 Rd8 34.h4 Rd7 
35.Bg3 Kg8 36.Bf2 Rd8 37.Rb3 Rd7 38.Rf3 Rd8 39.g5 Rd7 40.Rb3 Kf7 41.Rh3 
Rd8 42.Be3 Rd7 43.Bf2 Rd8 44.Rf3+ Ke6 45.Rb3 Rd7 46.Be3 Kf7 47.Bg1 Ke6 48.
Bf2 Kf7 49.Bg3 Ke6 50.Rb6+ Bd6 51.Bf2 Kf7 52.Bg3 Ke6 53.b4 Ke7 54.b5 axb5 
55.cxb5 c4 56.a6 bxa6 57.bxa6 c3 58.Rc6 Ra7 59.Bf2 Ra8 60.a7 Kd7 61.Rxc3 
Bc7 62.Rf3 Kc6 63.Rf7 Rh8 64.Rxh7 Rf8 65.Rg7 Kb7 66.Rxg6 Rh8 67.Rg7 Rf8 
68.Be3 Rh8 69.g6 1-0